| 000 | 00571nam a22001937a 4500 | ||
|---|---|---|---|
| 005 | 20230606073817.0 | ||
| 008 | 230606b |||||||| |||| 00| 0 eng d | ||
| 020 | _a9780321568977 | ||
| 040 |
_aKMU _cKMU |
||
| 050 | _aQA 154 Bli | ||
| 100 | _aBlitzer, Robert | ||
| 245 |
_aCollege Algebra / _cBy Robert Blitzer |
||
| 250 | _aInstructor's Edition | ||
| 260 |
_aNew Jersey : _bPearson Prentice Hall , _c2010 . |
||
| 300 |
_axvii, 752 pages ; _bIllustrations : _c28 cm. |
||
| 500 | _aIncludes an index | ||
| 650 |
_2Oclc _aAlgebra |
||
| 942 |
_2lcc _cBK _eInstructor's Edition _n0 |
||
| 999 |
_c357 _d357 |
||